| 000 | 00706nam a22002057a 4500 | ||
|---|---|---|---|
| 005 | 20251021095502.0 | ||
| 008 | 251021b ||||| |||| 00| 0 eng d | ||
| 020 | _a9789719818328 | ||
| 082 | _aDFil 337 C571 2022 | ||
| 100 |
_aClaudio, Lisandro E. _931523 |
||
| 245 |
_aThe contemporary world / _cLisandro E. Claudio and Patricio N. Abinales. |
||
| 260 |
_aQuezon City : _bC & E Publishing,Inc., _c©2022. |
||
| 300 |
_axii, 184 pages ; _billustrations : _c22 cm. |
||
| 365 |
_b395.00 _cPhp. |
||
| 500 | _aIncludes bibliographical references and index. | ||
| 650 |
_aGlobalization. _931524 |
||
| 650 | 0 |
_aWorld economics. _968943 |
|
| 700 |
_aAbinales, Patricio N. _eauthor. _968944 |
||
| 942 |
_2ddc _cDFIL |
||
| 999 |
_c24089 _d24089 |
||